<?xml version="1.0" encoding="UTF-8"?>
<record
    xmlns:xsi="http://www.w3.org/2001/XMLSchema-instance"
    xsi:schemaLocation="http://www.loc.gov/MARC21/slim http://www.loc.gov/standards/marcxml/schema/MARC21slim.xsd"
    xmlns="http://www.loc.gov/MARC21/slim">

  <leader>01299nam a22002657a 4500</leader>
  <controlfield tag="005">20170124102956.0</controlfield>
  <datafield tag="010" ind1=" " ind2=" ">
    <subfield code="a">A-381150</subfield>
  </datafield>
  <datafield tag="020" ind1=" " ind2=" ">
    <subfield code="c">00.00</subfield>
  </datafield>
  <datafield tag="035" ind1=" " ind2=" ">
    <subfield code="a">A-381150</subfield>
  </datafield>
  <datafield tag="037" ind1=" " ind2=" ">
    <subfield code="b">Cen Lib/Ret</subfield>
  </datafield>
  <datafield tag="040" ind1=" " ind2=" ">
    <subfield code="a">DPL</subfield>
    <subfield code="b">HN</subfield>
  </datafield>
  <datafield tag="082" ind1=" " ind2=" ">
    <subfield code="a">305.8</subfield>
    <subfield code="b">&#x938;&#x93E;&#x92E;&#x94D;&#x92A;&#x94D;&#x930;&#x926;&#x93E;</subfield>
  </datafield>
  <datafield tag="245" ind1=" " ind2=" ">
    <subfield code="a">&#x938;&#x93E;&#x92E;&#x94D;&#x92A;&#x94D;&#x930;&#x926;&#x93E;&#x92F;&#x93F;&#x915;&#x924;&#x93E;  &#x914;&#x930; &#x92D;&#x93E;&#x930;&#x924;&#x940;&#x92F; &#x938;&#x92E;&#x93E;&#x91C; /</subfield>
    <subfield code="c">&#x938;&#x902;&#x92A;&#x93E;&#x926;&#x915; &#x906;&#x928;&#x928;&#x94D;&#x926; &#x92A;&#x94D;&#x930;&#x915;&#x93E;&#x936; &#x938;&#x93E;&#x930;&#x938;&#x94D;&#x935;&#x924;</subfield>
  </datafield>
  <datafield tag="246" ind1=" " ind2=" ">
    <subfield code="a">Sampradaikta aur bhartiya samaj /</subfield>
    <subfield code="b">sampadak Aanand Prakash Sarasvat</subfield>
  </datafield>
  <datafield tag="260" ind1=" " ind2=" ">
    <subfield code="a">&#x92E;&#x947;&#x930;&#x920;</subfield>
    <subfield code="b">&#x938;&#x930;&#x942;&#x92A; &#x90F;&#x902;&#x921; &#x938;&#x902;&#x938; </subfield>
    <subfield code="c">1989</subfield>
  </datafield>
  <datafield tag="270" ind1=" " ind2=" ">
    <subfield code="a">2, &#x92A;&#x94D;&#x930;&#x94B;&#x92B;&#x947;&#x938;&#x930; &#x915;&#x949;&#x932;&#x94B;&#x928;&#x940;, &#x935;&#x93F;&#x915;&#x94D;&#x91F;&#x94B;&#x930;&#x93F;&#x92F;&#x93E; &#x92A;&#x93E;&#x930;&#x94D;&#x915; </subfield>
    <subfield code="b">&#x92E;&#x947;&#x930;&#x920;</subfield>
    <subfield code="e">250002</subfield>
  </datafield>
  <datafield tag="300" ind1=" " ind2=" ">
    <subfield code="a">vi,138&#x92A;&#x943;.</subfield>
    <subfield code="c">21&#x938;&#x947;&#x92E;&#x940;(&#x938;&#x91C;&#x93F;&#x932;&#x94D;&#x926; ) </subfield>
  </datafield>
  <datafield tag="500" ind1=" " ind2=" ">
    <subfield code="a">&#x938;&#x928;&#x94D;&#x926;&#x930;&#x94D;&#x92D; &#x936;&#x93E;&#x92E;&#x93F;&#x932; </subfield>
  </datafield>
  <datafield tag="650" ind1=" " ind2=" ">
    <subfield code="a">&#x92D;&#x93E;&#x930;&#x924;--&#x938;&#x93E;&#x92E;&#x94D;&#x92A;&#x94D;&#x930;&#x926;&#x93E;&#x92F;&#x93F;&#x915;&#x924;&#x93E; </subfield>
    <subfield code="x"> </subfield>
    <subfield code="z"> </subfield>
    <subfield code="9">53175</subfield>
  </datafield>
  <datafield tag="650" ind1=" " ind2=" ">
    <subfield code="a">&#x938;&#x93E;&#x92E;&#x94D;&#x92A;&#x94D;&#x930;&#x926;&#x93E;&#x92F;&#x93F;&#x915;&#x924;&#x93E;--&#x92D;&#x93E;&#x930;&#x924;&#x940;&#x92F; &#x938;&#x92E;&#x93E;&#x91C; </subfield>
    <subfield code="v"> </subfield>
    <subfield code="9">53176</subfield>
  </datafield>
  <datafield tag="650" ind1=" " ind2=" ">
    <subfield code="a">India--Communalism </subfield>
    <subfield code="9">53177</subfield>
  </datafield>
  <datafield tag="650" ind1=" " ind2=" ">
    <subfield code="a"> Communalism--Indian society</subfield>
    <subfield code="9">53178</subfield>
  </datafield>
  <datafield tag="700" ind1=" " ind2=" ">
    <subfield code="a"> &#x938;&#x93E;&#x930;&#x938;&#x94D;&#x935;&#x924;, &#x906;&#x928;&#x928;&#x94D;&#x926; &#x92A;&#x94D;&#x930;&#x915;&#x93E;&#x936;</subfield>
    <subfield code="9">106222</subfield>
  </datafield>
  <datafield tag="942" ind1=" " ind2=" ">
    <subfield code="2">ddc</subfield>
    <subfield code="c">HN</subfield>
    <subfield code="h">305.8</subfield>
    <subfield code="m">&#x938;&#x93E;&#x92E;&#x94D;&#x92A;&#x94D;&#x930;&#x926;&#x93E;</subfield>
  </datafield>
  <datafield tag="999" ind1=" " ind2=" ">
    <subfield code="c">113639</subfield>
    <subfield code="d">113639</subfield>
  </datafield>
  <datafield tag="952" ind1=" " ind2=" ">
    <subfield code="0">0</subfield>
    <subfield code="1">0</subfield>
    <subfield code="4">0</subfield>
    <subfield code="7">0</subfield>
    <subfield code="a">L</subfield>
    <subfield code="b">L</subfield>
    <subfield code="d">2015-08-13</subfield>
    <subfield code="e">Cen Lib/Ret</subfield>
    <subfield code="g">0.00</subfield>
    <subfield code="l">0</subfield>
    <subfield code="o">305.8 &#x938;&#x93E;&#x92E;&#x94D;&#x92A;&#x94D;&#x930;&#x926;&#x93E;</subfield>
    <subfield code="p">A-381150</subfield>
    <subfield code="r">2015-08-13 00:00:00</subfield>
    <subfield code="t">1</subfield>
    <subfield code="v">0.00</subfield>
    <subfield code="w">2015-08-13</subfield>
    <subfield code="y">HN</subfield>
  </datafield>
</record>
